Responsible journalism and quest for professional standards in Ghana. / (Record no. 8316)
[ view plain ]
| 000 -LEADER | |
|---|---|
| fixed length control field | 01673cam a22004094i 4500 |
| 001 - CONTROL NUMBER | |
| control field | 20978987 |
| 003 - CONTROL NUMBER IDENTIFIER | |
| control field | OSt |
| 005 - DATE AND TIME OF LATEST TRANSACTION | |
| control field | 20211217170748.0 |
| 008 - FIXED-LENGTH DATA ELEMENTS--GENERAL INFORMATION | |
| fixed length control field | 190518s2016 gh b 001 0 eng d |
| 010 ## - LIBRARY OF CONGRESS CONTROL NUMBER | |
| LC control number | 2019352296 |
| 020 ## - INTERNATIONAL STANDARD BOOK NUMBER | |
| International Standard Book Number | 9789988236045 |
| 020 ## - INTERNATIONAL STANDARD BOOK NUMBER | |
| International Standard Book Number | 9988236042 |
| 035 ## - SYSTEM CONTROL NUMBER | |
| System control number | (OCoLC)ocn988037264 |
| 040 ## - CATALOGING SOURCE | |
| Original cataloging agency | STF |
| Language of cataloging | eng |
| Transcribing agency | STF |
| Description conventions | rda |
| Modifying agency | NYP |
| -- | OCLCF |
| -- | OCLCA |
| -- | YDX |
| -- | OCLCA |
| -- | L2U |
| -- | OCLCQ |
| -- | DLC |
| 042 ## - AUTHENTICATION CODE | |
| Authentication code | lccopycat |
| -- | lcode |
| 043 ## - GEOGRAPHIC AREA CODE | |
| Geographic area code | f-gh--- |
| 050 00 - LIBRARY OF CONGRESS CALL NUMBER | |
| Classification number | PN5499.G4.D53 |
| 100 1# - MAIN ENTRY--PERSONAL NAME | |
| Personal name | Diedong, Africanus Lewil, |
| 245 10 - TITLE STATEMENT | |
| Title | Responsible journalism and quest for professional standards in Ghana. / |
| Statement of responsibility, etc. | Africanus Lewil Diedong. |
| 264 #1 - PRODUCTION, PUBLICATION, DISTRIBUTION, MANUFACTURE, AND COPYRIGHT NOTICE | |
| Place of production, publication, distribution, manufacture | Accra: |
| Name of producer, publisher, distributor, manufacturer | Woeli Publishing Services, |
| Date of production, publication, distribution, manufacture, or copyright notice | 2016. |
| 300 ## - PHYSICAL DESCRIPTION | |
| Extent | x, 129 p. : |
| Dimensions | 22 cm |
| Other physical details | ill. ; |
| 336 ## - CONTENT TYPE | |
| Content type term | text |
| Content type code | txt |
| Source | rdacontent |
| 337 ## - MEDIA TYPE | |
| Media type term | unmediated |
| Media type code | n |
| Source | rdamedia |
| 338 ## - CARRIER TYPE | |
| Carrier type term | volume |
| Carrier type code | nc |
| Source | rdacarrier |
| 504 ## - BIBLIOGRAPHY, ETC. NOTE | |
| Bibliography, etc. note | Includes bibliographical references (pages 107-124) and index. |
| 505 ## - FORMATTED CONTENTS NOTE | |
| Formatted contents note | Contents: The State of the media in Ghana -- Understanding ethics, communication ethics and media ethics -- Responsible journalism -- Relevance of press accountability mechanisms -- Journalism education in Ghana -- Selected journalists in media practice -- |
| 650 #0 - SUBJECT ADDED ENTRY--TOPICAL TERM | |
| Topical term or geographic name entry element | Journalism |
| Geographic subdivision | Ghana. |
| 650 #0 - SUBJECT ADDED ENTRY--TOPICAL TERM | |
| Topical term or geographic name entry element | Journalistic ethics |
| Geographic subdivision | Ghana. |
| 650 #0 - SUBJECT ADDED ENTRY--TOPICAL TERM | |
| Topical term or geographic name entry element | Journalists |
| General subdivision | Professional ethics |
| Geographic subdivision | Ghana. |
| 650 #0 - SUBJECT ADDED ENTRY--TOPICAL TERM | |
| Topical term or geographic name entry element | Journalism and public relations |
| Geographic subdivision | Ghana. |
| 650 #0 - SUBJECT ADDED ENTRY--TOPICAL TERM | |
| Topical term or geographic name entry element | Communication |
| Geographic subdivision | Ghana. |
| 650 #0 - SUBJECT ADDED ENTRY--TOPICAL TERM | |
| Topical term or geographic name entry element | Mass media and public opinion |
| Geographic subdivision | Ghana. |
| 650 #0 - SUBJECT ADDED ENTRY--TOPICAL TERM | |
| Topical term or geographic name entry element | Mass media and culture |
| Geographic subdivision | Ghana. |
| 906 ## - LOCAL DATA ELEMENT F, LDF (RLIN) | |
| a | 7 |
| b | cbc |
| c | copycat |
| d | 3 |
| e | ncip |
| f | 20 |
| g | y-gencatlg |
| 942 ## - ADDED ENTRY ELEMENTS (KOHA) | |
| Source of classification or shelving scheme | Library of Congress Classification |
| Koha item type | Books |
| Withdrawn status | Lost status | Source of classification or shelving scheme | Damaged status | Not for loan | Home library | Current library | Shelving location | Date acquired | Total Checkouts | Full call number | Barcode | Date last seen | Copy number | Price effective from | Koha item type |
|---|---|---|---|---|---|---|---|---|---|---|---|---|---|---|---|
| Library of Congress Classification | WISCONSIN INTERNATIONAL UNIVERSITY COLLEGE, GHANA KUMASI LIBRARY | WISCONSIN INTERNATIONAL UNIVERSITY COLLEGE, GHANA KUMASI LIBRARY | General Stacks | 14/11/2019 | PN5499.G4.D53 | K/2178/2178/19 | 17/12/2021 | 1 | 17/12/2021 | Books | |||||
| Library of Congress Classification | WISCONSIN INTERNATIONAL UNIVERSITY COLLEGE, GHANA KUMASI LIBRARY | WISCONSIN INTERNATIONAL UNIVERSITY COLLEGE, GHANA KUMASI LIBRARY | General Stacks | 14/11/2019 | PN5499.G4.D531 | K/2179/2179/19 | 17/12/2021 | 2 | 17/12/2021 | Books | |||||
| Library of Congress Classification | WISCONSIN INTERNATIONAL UNIVERSITY COLLEGE, GHANA KUMASI LIBRARY | WISCONSIN INTERNATIONAL UNIVERSITY COLLEGE, GHANA KUMASI LIBRARY | General Stacks | 14/11/2019 | PN5499.G4.D532 | K/2180/2180/19 | 17/12/2021 | 3 | 17/12/2021 | Books | |||||
| Library of Congress Classification | WISCONSIN INTERNATIONAL UNIVERSITY COLLEGE, GHANA KUMASI LIBRARY | WISCONSIN INTERNATIONAL UNIVERSITY COLLEGE, GHANA KUMASI LIBRARY | General Stacks | 14/11/2019 | PN5499.G4.D533 | K/2181/2181/19 | 17/12/2021 | 4 | 17/12/2021 | Books |
